| 000 | 00510nam a22001697a 4500 | ||
|---|---|---|---|
| 008 | 230605b |||||||| |||| 00| 0 eng d | ||
| 040 |
_aNational Science Library _cNational Science Library |
||
| 080 |
_aR 803.989(038) _bJ4.1 |
||
| 100 | _aUldall, H J | ||
| 245 |
_aDansk- engelsk ordbog _c/ Gyldendalske Boghandel |
||
| 260 |
_aBerlin: _bGyldendalske Boghandel, _c1954 |
||
| 300 | _a936p. | ||
| 500 | _aVol. 1 (A-Motrik) Vol. 2 (N-O) | ||
| 650 | _aLanguage | ||
| 653 | _aDictionaries | ||
| 942 |
_2udc _cPR |
||
| 999 |
_c39079 _d39079 |
||